| 000 | 00000cam 2200000zi 4500 |
| 001 | 9.960473 |
| 003 | CaOODSP |
| 005 | 20260410102324 |
| 006 | m o d f |
| 007 | cr cn||||||||| |
| 008 | 260302e20260331oncd obs f000 0 fre d |
| 020 | |a9780660987170 |
| 040 | |aCaOODSP|bfre|erda|cCaOODSP |
| 043 | |an-cn--- |
| 086 | 1 |aCS85-002/46-4F-PDF |
| 100 | 1 |aCotter, Adam, |eauteur. |
| 245 | 00|aDifférences entre les genres observées dans les expériences de violence et de comportements sexuels non désirés au Canada, 2025 / |cpar Adam Cotter et Marta Burczycka. |
| 264 | 1|a[Ottawa] : |bStatistique Canada = Statistics Canada, |cle 31 mars 2026. |
| 264 | 4|c©2026 |
| 300 | |a1 ressource en ligne (69 pages) : |bgraphiques. |
| 336 | |atexte|btxt|2rdacontent/fre |
| 337 | |ainformatique|bc|2rdamedia/fre |
| 338 | |aressource en ligne|bcr|2rdacarrier/fre |
| 490 | 1 |aJuristat, |x1205-8882 ; |v[Vol. 46, no. 4] |
| 500 | |aTitre de la couverture. |
| 500 | |aPublié aussi en anglais sous le titre : Gender differences in experiences of violence and unwanted sexual behaviour in Canada, 2025. |
| 504 | |aComprend des références bibliographiques (pages 38-40). |
| 520 | |a« La présente analyse porte sur les tendances générales de la violence au cours des 12 mois précédant la tenue de l’Enquête sur la sécurité dans les espaces publics et privés (ESEPP) de 2025, en portant une attention particulière à la relation entre le genre et le type, la nature, la gravité et la prévalence de la violence. Les résultats sont fondés sur les réponses reçues de plus de 48 500 personnes âgées de 15 ans et plus vivant au Canada, pondérées de façon à être représentatives de la population totale. L’information peut être utilisée pour mieux comprendre les différences entre les genres et concentrer les ressources sur la lutte contre des formes particulières de violence, sur des populations particulièrement à risque de violence ou sur des préoccupations ou des besoins particuliers qui peuvent avoir une incidence disproportionnée sur les femmes ou les hommes victimes de violence » -- Page 4. |
| 650 | 6|aViolence basée sur le genre|zCanada|vStatistiques. |
| 650 | 6|aViolence sexuelle|zCanada|vStatistiques. |
| 650 | 6|aHarcèlement sexuel|zCanada|vStatistiques. |
| 650 | 6|aVictimes de violence|zCanada|vStatistiques. |
| 650 | 6|aVictimes d'abus sexuels|zCanada|vStatistiques. |
| 655 | 7|aStatistiques|2rvmgf |
| 710 | 2 |aStatistique Canada, |eorganisme de publication. |
| 775 | 08|tGender differences in experiences of violence and unwanted sexual behaviour in Canada, 2025 / |w(CaOODSP)9.960470 |
| 830 | #0|aJuristat,|x1205-8882 ; |v[Vol. 46, no. 4].|w(CaOODSP)9.936877 |
| 856 | 40|qPDF|s1.05 Mo|uhttps://publications.gc.ca/collections/collection_2026/statcan/85-002-x/CS85-002-46-4-fra.pdf |
| 856 | 4 |qHTML|sS.O.|uhttps://www150.statcan.gc.ca/n1/pub/85-002-x/2026001/article/00004-fra.htm |
| 986 | |a85-002-X |